Southville International School and Colleges
Your cart is empty.
  • Cart
  • Lists
    Public lists Eva Luna New books Lux_list list_1
    Your lists Log in to create your own lists
  • Log in to your account
  • Your cookies
  • Search history
Southville International School and Colleges
  • Advanced search
  • Recent comments
  • Most popular
  • Libraries

Log in to your account

Log in with GOOGLE


If you do not have an external account, but do have a local account, you can still log in:

  1. Home
  2. MARC view: About the holy spirit /
Normal view MARC view ISBD view

About the holy spirit / (Record no. 10620)

[ view plain ]
MARC details
000 -LEADER
fixed length control field 00480nam a22001817a 4500
003 - CONTROL NUMBER IDENTIFIER
control field OSt
005 - DATE AND TIME OF LATEST TRANSACTION
control field 20140310182217.0
008 - FIXED-LENGTH DATA ELEMENTS--GENERAL INFORMATION
fixed length control field 130529t xxu||||| |||| 00| 0 eng d
020 ## - INTERNATIONAL STANDARD BOOK NUMBER
International Standard Book Number 076842108X
050 ## - LIBRARY OF CONGRESS CALL NUMBER
Classification number BT 121.3
Item number .D367 1981
082 ## - DEWEY DECIMAL CLASSIFICATION NUMBER
Classification number HS 231.3
Item number D389 1981
245 ## - TITLE STATEMENT
Title About the holy spirit /
Statement of responsibility, etc Robert Gordon
260 ## - PUBLICATION, DISTRIBUTION, ETC. (IMPRINT)
Place of publication, distribution, etc Houston, TX :
Name of publisher, distributor, etc Lumen Christi Press,
Date of publication, distribution, etc c1981.
300 ## - PHYSICAL DESCRIPTION
Extent 72 p. :
Dimensions 20 cm.
650 ## - SUBJECT ADDED ENTRY--TOPICAL TERM
Topical term or geographic name as entry element Holy Spirit
942 ## - ADDED ENTRY ELEMENTS (KOHA)
Source of classification or shelving scheme Library of Congress Classification
Koha item type Books
Holdings
Withdrawn status Lost status Source of classification or shelving scheme Damaged status Home library Current library Shelving location Date acquired Total Checkouts Full call number Barcode Date last seen Copy number Price effective from Koha item type
    Library of Congress Classification   Luxembourg Library Luxembourg Library High School Section 09/07/2013   BT 121.3 .D367 1981 6259 09/07/2013 1 09/07/2013 Books

About the holy spirit /

APA

(1981). About the holy spirit. Houston, TX: Lumen Christi Press.

Chicago

1981. About the holy spirit. Houston, TX: Lumen Christi Press.

Harvard

(1981). About the holy spirit. Houston, TX: Lumen Christi Press.

MLA

About the holy spirit. Houston, TX: Lumen Christi Press. 1981.

  • Place hold
  • Print
  • Cite
  • Add to your cart (remove)
  • Save record
    BIBTEX Dublin Core MARCXML MARC (non-Unicode/MARC-8) MARC (Unicode/UTF-8) MARC (Unicode/UTF-8, Standard) MODS (XML) RIS
  • More searches
    Search for this title in:
    Other Libraries (WorldCat) Other Databases (Google Scholar) Online Stores (Bookfinder.com) Open Library (openlibrary.org)

Exporting to Dublin Core...

SOUTHVILLE LIBRARY

Southville International School and Colleges Library

1281 Tropical Ave. Cor. Luxembourg St., BF Homes International, Las Pinas City

Tel. No. 8256374 / 252358 Loc. 117/146

Powered by Koha